[Event "FRA-ch Blitz Online Qual"]
[Site "Europe Echecs INT"]
[Date "2020.05.16"]
[Round "10"]
[White "Labrande, Theodore"]
[Black "Razafindratsima, Timothe"]
[Result "1-0"]
[WhiteElo "2077"]
[BlackElo "2336"]
[PlyCount "75"]
[EventDate "2020.05.16"]
[EventType "swiss (blitz)"]
[EventRounds "15"]
[EventCountry "FRA"]
[SourceTitle "CBM 196 Extra"]
[Source "ChessBase"]
[SourceDate "2020.07.31"]
[SourceVersion "1"]
[SourceVersionDate "2020.07.31"]
[SourceQuality "1"]

1. e4 c5 2. Nf3 d6 3. d4 cxd4 4. Nxd4 Nf6 5. Nc3 a6 6. Be3 e5 7. Nb3 Be6 8. Be2 Nbd7 9. 0-0 Rc8 10. Bf3 Be7 11. Qd2 0-0 12. h3 b5 13. Nd5 Bxd5 14. exd5 e4 15. Bg4 Nxg4 16. hxg4 Ne5 17. Nd4 Nxg4 18. Nc6 Qd7 19. Bd4 Bf6 20. Qf4 Bxd4 21. Nxd4 Nf6 22. Nf5 Nxd5 23. Qg4 Qxf5 24. Qxf5 Nf6 25. c3 d5 26. Rad1 Rfd8 27. Rfe1 Rc6 28. Rxe4 g6 29. Qg5 h6 30. Qh4 Kg7 31. Red4 g5 32. Qg3 Re6 33. f4 Nh5 34. Qg4 Nf6 35. Qf5 g4 36. Rxd5 Nxd5 37. Rxd5 g3 38. Qxe6 1-0

[Event "FRA-ch Blitz Online Qual"]
[Site "Europe Echecs INT"]
[Date "2020.05.16"]
[Round "14"]
[White "Labrande, Theodore"]
[Black "Song, Julien"]
[Result "0-1"]
[WhiteElo "2077"]
[BlackElo "2306"]
[PlyCount "52"]
[EventDate "2020.05.16"]
[EventType "swiss (blitz)"]
[EventRounds "15"]
[EventCountry "FRA"]
[SourceTitle "CBM 196 Extra"]
[Source "ChessBase"]
[SourceDate "2020.07.31"]
[SourceVersion "1"]
[SourceVersionDate "2020.07.31"]
[SourceQuality "1"]

1. e4 e6 2. d4 d5 3. Bd3 c5 4. exd5 exd5 5. Nf3 Bd6 6. 0-0 Ne7 7. Re1 0-0 8. Bxh7+ Kxh7 9. Ng5+ Kg8 10. Qh5 Bf5 11. Re3 Bg6 12. Qg4 Qd7 13. Qd1 Nbc6 14. dxc5 Bxc5 15. Rh3 Qf5 16. Be3 Bxe3 17. Rxe3 Qxg5 18. Rg3 Qf5 19. Nc3 d4 20. Ne2 Qxc2 21. Qe1 Nf5 22. Rh3 Rfe8 23. Kf1 d3 24. Qc3 Qxe2+ 25. Kg1 d2 26. Rd3 Qe1+ 0-1

[Event "FRA-ch Blitz Online Qual"]
[Site "Europe Echecs INT"]
[Date "2020.05.16"]
[Round "11"]
[White "Stephan, Victor"]
[Black "Labrande, Theodore"]
[Result "1-0"]
[WhiteElo "2439"]
[BlackElo "2077"]
[PlyCount "139"]
[EventDate "2020.05.16"]
[EventType "swiss (blitz)"]
[EventRounds "15"]
[EventCountry "FRA"]
[SourceTitle "CBM 196 Extra"]
[Source "ChessBase"]
[SourceDate "2020.07.31"]
[SourceVersion "1"]
[SourceVersionDate "2020.07.31"]
[SourceQuality "1"]

1. d4 d5 2. c4 e6 3. Nc3 Nf6 4. cxd5 exd5 5. Bg5 Be7 6. e3 c6 7. Bd3 h6 8. Bh4 0-0 9. Nf3 a5 10. Qc2 Nh5 11. Bxe7 Qxe7 12. 0-0 Na6 13. a3 Nc7 14. Rfe1 Ne6 15. Ne5 Nf6 16. f4 Nd7 17. Rf1 Nxe5 18. fxe5 f6 19. exf6 Rxf6 20. Rxf6 Qxf6 21. Rf1 Qe7 22. Bh7+ Kh8 23. Bg6 Ng5 24. h4 Qxe3+ 25. Kh1 Ne6 26. Qf5 Bd7 27. Qf7 Qg3 28. Qxd7 Qxg6 29. Qxb7 Rg8 30. Qxc6 Qd3 31. Rf3 Nxd4 32. Qxh6+ gxh6 33. Rxd3 Nf5 34. Rxd5 Nxh4 35. Rh5 Nxg2 36. Rxh6+ Kg7 37. Re6 Nf4 38. Rb6 Nd3 39. Kg2 Kf7+ 40. Kf3 Rh8 41. Ke3 Nc5 42. Kd4 Ne6+ 43. Kc4 Rh4+ 44. Kb5 Rh5+ 45. Ka4 Ke7 46. Rb5 Nc5+ 47. Kxa5 Kd7 48. b4 Nb3+ 49. Ka4 Rxb5 50. Nxb5 Nd2 51. Nd4 Kc7 52. Kb5 Ne4 53. a4 Kb7 54. a5 Nc3+ 55. Kc4 Ne4 56. Nb3 Nd6+ 57. Kc5 Ne4+ 58. Kb5 Nc3+ 59. Kc4 Ne4 60. Nc5+ Nxc5 61. Kxc5 Ka6 62. Kc6 Ka7 63. b5 Kb8 64. b6 Ka8 65. b7+ Kb8 66. a6 Ka7 67. Kc7 Kxa6 68. b8Q Ka5 69. Qb3 Ka6 70. Qb6# 1-0

[Event "FRA-ch Blitz Online Qual"]
[Site "Europe Echecs INT"]
[Date "2020.05.16"]
[Round "5"]
[White "Vieira, William"]
[Black "Labrande, Theodore"]
[Result "0-1"]
[WhiteElo "1593"]
[BlackElo "2077"]
[PlyCount "48"]
[EventDate "2020.05.16"]
[EventType "swiss (blitz)"]
[EventRounds "15"]
[EventCountry "FRA"]
[SourceTitle "CBM 196 Extra"]
[Source "ChessBase"]
[SourceDate "2020.07.31"]
[SourceVersion "1"]
[SourceVersionDate "2020.07.31"]
[SourceQuality "1"]

1. e4 c5 2. c3 Nc6 3. d4 Nf6 4. d5 Nb8 5. e5 Ng8 6. Nf3 d6 7. exd6 e6 8. Bb5+ Bd7 9. dxe6 Bxb5 10. exf7+ Kxf7 11. Qd5+ Ke8 12. Qe6+ Be7 13. dxe7 Qxe7 14. Qxe7+ Nxe7 15. b3 Bc6 16. c4 Nd7 17. 0-0 Rf8 18. Ng5 Rf6 19. Bb2 Rg6 20. Nh3 Rxg2+ 21. Kh1 Rxf2+ 22. Kg1 Rg2+ 23. Kh1 Rg3+ 24. Rf3 Bxf3# 0-1

[Event "Noisiel op 5th"]
[Site "Noisiel"]
[Date "2020.02.18"]
[Round "6"]
[White "Popov, Konstantin"]
[Black "Labrande, Theodore"]
[Result "1-0"]
[WhiteElo "2391"]
[BlackElo "2021"]
[PlyCount "111"]
[EventDate "2020.02.15"]
[EventType "swiss"]
[EventRounds "9"]
[EventCountry "FRA"]
[SourceTitle "CBM 195 Extra"]
[Source "ChessBase"]
[SourceDate "2020.05.31"]
[SourceVersion "1"]
[SourceVersionDate "2020.05.31"]
[SourceQuality "1"]

1. e4 c5 2. Nf3 Nc6 3. d4 cxd4 4. Nxd4 Nf6 5. Nc3 e5 6. Ndb5 d6 7. Bg5 a6 8. Na3 b5 9. Bxf6 gxf6 10. Nd5 f5 11. g3 fxe4 12. Bg2 Be6 13. Bxe4 Rc8 14. c3 Bg7 15. Qh5 Ne7 16. Rd1 Nxd5 17. Bxd5 0-0 18. Nc2 Qd7 19. Ne3 f5 20. 0-0 Kh8 21. Rd2 Rf6 22. Rfd1 Rd8 23. Bxe6 Qxe6 24. Nd5 Rh6 25. Qg5 Rd7 26. f4 Qf7 27. fxe5 dxe5 28. Ne3 Rxd2 29. Rxd2 Rf6 30. Rd8+ Bf8 31. Nd5 Re6 32. Rc8 Rd6 33. Qe7 Qxe7 34. Nxe7 Rd1+ 35. Kf2 Kg7 36. Nxf5+ Kf7 37. Rc7+ Ke6 38. Ne3 Rd2+ 39. Kf3 Rxb2 40. Rc6+ Bd6 41. Rxa6 Rxh2 42. c4 Kd7 43. cxb5 e4+ 44. Kxe4 Bxg3 45. Ra7+ Kc8 46. Rg7 Bb8 47. a4 Ra2 48. Kd5 Rxa4 49. Kc6 Rd4 50. b6 Rd6+ 51. Kc5 Rd7 52. Rg8+ Rd8 53. Rg4 Bc7 54. bxc7 Kxc7 55. Rg7+ Rd7 56. Nd5+ 1-0

[Event "Reunion op 16th"]
[Site "St Denis"]
[Date "2014.10.25"]
[Round "9"]
[White "Caminade, Hugo"]
[Black "Labrande, Theodore"]
[Result "0-1"]
[WhiteElo "1070"]
[BlackElo "1471"]
[PlyCount "76"]
[EventDate "2014.10.18"]
[EventType "swiss"]
[EventRounds "9"]
[EventCountry "RUF"]
[SourceTitle "EXT 2015"]
[Source "ChessBase"]
[SourceDate "2014.11.20"]
[SourceVersion "1"]
[SourceVersionDate "2014.11.20"]
[SourceQuality "1"]

1. Nf3 Nc6 2. g3 d5 3. Bg2 e5 4. c3 f6 5. d4 e4 6. Nfd2 Bf5 7. e3 Qd7 8. 0-0 0-0-0 9. c4 dxc4 10. Nxc4 Bh3 11. Nbd2 Bxg2 12. Kxg2 Qe6 13. Qa4 Rd5 14. Qc2 Rh5 15. Rh1 Qd5 16. Qxe4 Qxe4+ 17. Nxe4 f5 18. Nc5 Bxc5 19. dxc5 Nf6 20. f3 Nd7 21. b3 Nxc5 22. Bb2 Rg8 23. Rad1 g5 24. Rd5 b6 25. Rxf5 Nb4 26. a4 Nxb3 27. Rb5 c5 28. Bc3 a6 29. Nxb6+ Kb7 30. Rxb4 cxb4 31. Bd4 Nxd4 32. exd4 Kxb6 33. g4 Rh6 34. Rd1 Rd8 35. Kf2 Rxh2+ 36. Kg1 Ra2 37. d5 Rxa4 38. d6 Kc6 0-1

[Event "Reunion op 16th"]
[Site "St Denis"]
[Date "2014.10.23"]
[Round "6"]
[White "Goorsahye, Antoine"]
[Black "Labrande, Theodore"]
[Result "1-0"]
[WhiteElo "1726"]
[BlackElo "1471"]
[PlyCount "87"]
[EventDate "2014.10.18"]
[EventType "swiss"]
[EventRounds "9"]
[EventCountry "RUF"]
[SourceTitle "EXT 2015"]
[Source "ChessBase"]
[SourceDate "2014.11.20"]
[SourceVersion "1"]
[SourceVersionDate "2014.11.20"]
[SourceQuality "1"]

1. e4 e5 2. Nf3 Nc6 3. Bb5 a6 4. Ba4 Nf6 5. 0-0 Be7 6. Re1 b5 7. Bb3 d6 8. c3 Bb7 9. d4 Qd7 10. Nbd2 Nd8 11. dxe5 dxe5 12. Nxe5 Qc8 13. Nef3 c5 14. e5 Nd5 15. Ne4 c4 16. Nd6+ Bxd6 17. exd6+ Ne6 18. Bc2 Qd7 19. Nd4 0-0 20. Nf5 Qc6 21. Be4 Rae8 22. Qf3 Qc5 23. Rd1 Nef4 24. Bxf4 Nxf4 25. Ne7+ Kh8 26. Bxb7 Nd3 27. Nf5 Re5 28. Ne3 Nxb2 29. Rd5 Rxd5 30. Qxd5 Qxd5 31. Nxd5 Rd8 32. Re1 g6 33. Re7 Kg7 34. d7 Kf8 35. Bc6 Nd3 36. Re8+ Rxe8 37. dxe8Q+ Kg7 38. Ne3 b4 39. Bd5 bxc3 40. Qxf7+ Kh6 41. Qf8+ Kg5 42. h4+ Kh5 43. Bf3+ Kxh4 44. Qh6# 1-0

[Event "Reunion op 15th"]
[Site "St Denis"]
[Date "2013.10.18"]
[Round "8"]
[White "Genne, Rene"]
[Black "Labrande, Theodore"]
[Result "1/2-1/2"]
[WhiteElo "1771"]
[BlackElo "1290"]
[PlyCount "118"]
[EventDate "2013.10.12"]
[EventType "swiss"]
[EventRounds "9"]
[EventCountry "RUF"]
[SourceTitle "EXT 2014"]
[Source "ChessBase"]
[SourceDate "2013.11.20"]
[SourceVersion "1"]
[SourceVersionDate "2013.11.20"]
[SourceQuality "1"]

1. b4 e5 2. Bb2 d6 3. e3 Nd7 4. c4 b6 5. Nf3 Bb7 6. Be2 Be7 7. 0-0 Ngf6 8. d3 0-0 9. Nbd2 c5 10. b5 a6 11. a4 a5 12. Qc2 h6 13. h3 Qc7 14. Rac1 Rac8 15. Nh2 Rfe8 16. Qd1 Nf8 17. Ng4 Ba8 18. Nxf6+ Bxf6 19. Bg4 Qb7 20. Ne4 Ne6 21. Nxf6+ gxf6 22. Bf3 Qd7 23. Bxa8 Rxa8 24. Qg4+ Kh7 25. Qf5+ Kg7 26. Bc3 Nf8 27. Qg4+ Qxg4 28. hxg4 Kh7 29. e4 Ne6 30. Bd2 Nd4 31. Rce1 Rg8 32. f3 Nc2 33. Re2 Nd4 34. Ref2 Nb3 35. Be3 Rg7 36. g3 Rag8 37. Rh2 Rg6 38. Kg2 Kg7 39. Rfh1 Rh8 40. Rh4 Nd4 41. f4 Nc2 42. Bd2 exf4 43. gxf4 h5 44. g5 fxg5 45. fxg5 f6 46. Rxh5 Rxh5 47. Rxh5 fxg5 48. Rxg5 Rxg5+ 49. Bxg5 Ne1+ 50. Kf1 Nxd3 51. Bd8 Nb2 52. Bxb6 Nxc4 53. Bc7 Kf7 54. Ke2 Ke7 55. Kd3 Kd7 56. Kxc4 Kxc7 57. Kd5 Kb6 58. Kc4 Kc7 59. Kd5 Kb6 1/2-1/2

[Event "Reunion op 15th"]
[Site "St Denis"]
[Date "2013.10.17"]
[Round "6"]
[White "Lacouture, Alexandre"]
[Black "Labrande, Theodore"]
[Result "1-0"]
[WhiteElo "1009"]
[BlackElo "1290"]
[PlyCount "55"]
[EventDate "2013.10.12"]
[EventType "swiss"]
[EventRounds "9"]
[EventCountry "RUF"]
[SourceTitle "EXT 2014"]
[Source "ChessBase"]
[SourceDate "2013.11.20"]
[SourceVersion "1"]
[SourceVersionDate "2013.11.20"]
[SourceQuality "1"]

1. e4 e5 2. Nf3 Nc6 3. Nc3 Nf6 4. Bc4 Bc5 5. 0-0 d6 6. Bb5 Bd7 7. d3 a6 8. Bxc6 Bxc6 9. Bg5 h6 10. Bxf6 Qxf6 11. Nd5 Qg6 12. Nxc7+ Kf8 13. Nxa8 Bd7 14. Nc7 Bh3 15. Nh4 Qg5 16. Qf3 Bg4 17. Ne6+ Ke7 18. Nxg5 Bxf3 19. Ngxf3 g5 20. Nf5+ Kf6 21. Ne3 Rc8 22. Nd5+ Ke6 23. Rac1 b5 24. b4 Ba7 25. Rb1 Rxc2 26. Rbc1 Rxa2 27. Rc7 Bd4 28. Re7# 1-0